000 00796nam a2200229 a 4500
005 20240305063713.0
008 991125s1994 mx 000 0 spa u
020 _a9688804460
035 _aUPN01000008310
049 _aLT
050 4 _aLB1644 M6.1
_bM3.2
100 1 _aManzanilla López, Miguel Angel
245 1 0 _aCivismo 1 :
_bel ciudadano moderno /
_cMiguel Angel Manzanilla López, Verónica Rojas Nova, Ricardo Alvarez Orozco
260 _aMéxico :
_bPrentice-Hall Hispanoamericana,
_c1994
300 _a147 p. :
_bil. col.
500 _a"De acuerdo a los nuevos programas de la SEP"
650 4 _aCivismo
_xEstudio y enseñanza (Secundaria)
_91512
700 2 _aRojas Nova, Verónica,
_ecoaut.
700 2 _aAlvarez Orozco, Ricardo,
_ecoaut.
904 _aAC
_b008310
905 _aLibro
999 _c8310
_d8310